| 000 | 00797cam a2200217 4500 | ||
|---|---|---|---|
| 001 | ABS60723 | ||
| 008 | 000000n1999 000 0 eng u | ||
| 035 | _a(Sirsi) u101210 | ||
| 110 |
_aGlenigan Group _93641 |
||
| 245 | _aLocal leagues. | ||
| 260 | _c1999 | ||
| 490 |
_aBuilding _v264(8091) 11 June 1999, 52-53(2) |
||
| 520 | _aA regional breakdown of work won by top contractors in the first quarter of 1999: indicates that workload is rising in the east Midlands, north-west and south-east, but falling in the north-east, Yorkshire, Scotland, Wales, the south-west and London. | ||
| 650 | _aWORKLOAD | ||
| 650 | _aCONTRACTORS | ||
| 650 | _aCONSTRUCTION INDUSTRY | ||
| 650 | _aREGIONAL VARIATIONS | ||
| 650 | _aSURVEYS | ||
| 690 | _aBUILDING AND CONSTRUCTION-ECONOMICS | ||
| 942 | _n0 | ||
| 999 |
_c60371 _d60371 |
||